000
00504nam a2200181Ia 4500
008
090124s9999 xx 000 0 und d
082
_b
132671
100
_a
काकोडकर चंद्रकांत.
245
_a
संशय
250
_a
2
260
_c
2004
300
_a
138
600
_a
काकोडकर चंद्रकांत.
630
_a
संशय
700
_a
काकोडकर चंद्रकांत.
730
_a
संशय
942
_c
BOOK
999
_c
178795
_d
178795